ر ا نی کيتکی کی کہا نی کی فر ہنگ (Record no. 166989)

MARC details
000 -LEADER
fixed length control field 00677nam a22001937a 4500
005 - DATE AND TIME OF LATEST TRANSACTION
control field 20190819165632.0
010 ## - LCCN (DPL NO)
LC control number UR-10381
020 ## - INTERNATIONAL STANDARD BOOK NUMBER
Terms of availability 300.00
International Standard Book Number -
035 ## - SYSTEM CONTROL NUMBER
System control number U-8936
037 ## - SOURCE OF ACQUISITION
Source of stock number/acquisition DBAD/PUB
Stock number -
082 ## - DEWEY DECIMAL CLASSIFICATION NUMBER
Classification number ک
100 ## - MAIN ENTRY--PERSONAL NAME
Personal name قر يشی شر يف ا حمد
245 ## - TITLE STATEMENT
Title ر ا نی کيتکی کی کہا نی کی فر ہنگ
Statement of responsibility, etc قر يشی شر يف ا حمد
246 ## - VARYING FORM OF TITLE
Remainder of title Rani Ketki Ki Kahani Ki Farhang (Urdu)
Title proper/short title by Shareef Ahmed Qureshi
260 ## - PUBLICATION, DISTRIBUTION, ETC. (IMPRINT)
Place of publication, distribution, etc U.P.
Name of publisher, distributor, etc Shareef Ahmed Qureshi
Date of publication, distribution, etc 2008 ء
270 ## - ADDRESS
Address Reader Shoiba Urdu,Govt.Raza Post Graduate College
City Ram Pur
Postal code 244901
Telephone number 9259132015
Fax number -
300 ## - PHYSICAL DESCRIPTION
Extent 295 ص
Dimensions 22 Cm(Hb)
942 ## - ADDED ENTRY ELEMENTS (KOHA)
Source of classification or shelving scheme Dewey Decimal Classification
Item type Urdu Bks
Classification part ک
Call number suffix ق ر ے
Holdings
Withdrawn status Lost status Not for loan Collection code Home library Current library Date acquired Source of acquisition Cost, normal purchase price Full call number Barcode Copy number Cost, replacement price Koha item type
    Not For Loan Fiction D.B.Act.Division D.B.Act.Division 19/08/2019 DBAD/PUB 300.00 ک ق ر ے U-8936 1 300.00 Urdu Bks

© Delhi Public Library
Hit Counter
free hit counter